Catalog

Record Details

Catalog Search



His latest flame / Jeff Parker, writer ; Juan ... Read More

Parker, Jeff.(Author).
Santacruz, Juan.(Added Author). Fernández, Raúl.(Added Author).

Available copies

  • 1 of 1 copy available at LARL/NWRL Consortium.
  • 1 of 1 copy available at Lake Agassiz Regional Library. (Show preferred library)

Current holds

0 current holds with 1 total copy.

Show Only Available Copies
Location Call Number / Copy Notes Barcode Shelving Location Status Due Date
Moorhead Public Library J G PAR (Text) 33500009514001 Main Available -

Record details

  • ISBN: 1599612011
  • ISBN: 9781599612010
  • Physical Description: 1 v. (unpaged) : col. ill. ; 27 cm.
  • Edition: Spotlight library bound ed.
  • Publisher: Edina, Minnesota : Spotlight : c2007.

Content descriptions

General Note:
"Marvel age"--Cover.
Subject: Fantastic Four (Fictitious characters) > Juvenile fiction.
Fantastic Four (Fictitious characters) > Fiction.
Genre: Comic books, strips, etc.
Graphic novels.
LDR 01264cam a2200349Ia 4500
00188554
003LARL_NWRL_CONSORTIUM
00520080212105031.0
008061112s2007 mnua j 000 1 eng d
019 . ‡a75808537
020 . ‡a1599612011
020 . ‡a9781599612010
035 . ‡a(OCoLC)75808536 ‡z(OCoLC)75808537
1001 . ‡aParker, Jeff. ‡0(LARL_NWRL_CONSORTIUM)181654
24510. ‡aHis latest flame / ‡cJeff Parker, writer ; Juan Santacruz, pencils ; Raul Fernandez, inks.
2463 . ‡aFantastic four. ‡pHis latest flame
250 . ‡aSpotlight library bound ed.
260 . ‡aEdina, Minnesota : ‡bSpotlight : ‡bABDO Publishing, ‡cc2007.
300 . ‡a1 v. (unpaged) : ‡bcol. ill. ; ‡c27 cm.
4900 . ‡aFantastic Four
500 . ‡a"Marvel age"--Cover.
650 0. ‡aFantastic Four (Fictitious characters) ‡vJuvenile fiction.
655 0. ‡aComic books, strips, etc.
650 1. ‡aFantastic Four (Fictitious characters) ‡vFiction.
655 0. ‡aGraphic novels.
7001 . ‡aSantacruz, Juan. ‡0(LARL_NWRL_CONSORTIUM)196721
7001 . ‡aFernández, Raúl. ‡0(LARL_NWRL_CONSORTIUM)99991
901 . ‡a88554 ‡bOCLC ‡c88554 ‡tbiblio

Additional Resources